000 01340nam a22003977a 4500
003 CHAP
005 20220817044103.0
008 060317d2005 mx r 00110 spa d
010 _a91893
011 _a92865
035 _a103432
040 _cCHAP
090 _aTesis
100 1 _aCruz Tenorio, Karina de la
_929610
245 1 0 _aControl de varroa (Varroa jacobsoni) en abejas (Apis mellifera) por tres métodos
_c/por Karina de la Cruz Tenorio
260 _aChapingo, Méx. :
_bEl autor,
_c2005.
300 _a34 h.
502 _aTesis (Ing. Agr. Zootecnista) --UACH. Departamento de Zootecnia
590 _aALEPH
_b10
_c20130110
_lUCH01
_h1510
590 _aBATCH-UPD
_b10
_c20130110
_lUCH01
_h0359
590 _aBATCH-UPD
_b10
_c20130410
_lUCH01
_h0032
590 _aBATCH-UPD
_b10
_c20130913
_lUCH01
_h1833
590 _aCONVERSION
_b10
_c20130109
_lUCH01
_h1351
650 1 4 _aAbejas
_xPlagas.
_9191
650 1 4 _aAcido fórmico.
_9584
650 1 4 _aAcido oxálico.
_9595
650 1 4 _aApis mellifera.
650 1 4 _aEucalipto.
650 1 4 _aTimol.
_9113337
650 1 4 _aVarroa jacobsoni.
901 _aBK
905 _aAlejandra Carrasco M.
942 _cFOLL
949 _aTesis
_bBC
_cTES
_d00000001034321
_eTS1
_gDonaciØn
_h44574
_i103432
_sb
949 _aTesis
_bBC
_cTES
_d33724000999637
_eTS2
_fc.2
_gDonaciØn
_h44575
_i103432
_sb
999 _c91893
_d91893